000 00233nam a22000857a 4500
008 160912b xxu||||| |||| 00| 0 eng d
100 _9401
_aGupta. R.G. etal
245 _aComposide Mathematics-1
260 _aNew Delhi
_bAPC. Publishers
_c2012
999 _c3059
_d3059